Incremento de las deducciones personales para asalariados, jubilados, pensionados y autónomos (Registro nro. 19616)

Detalles MARC
000 -LEADER
fixed length control field 00411 a2200121 4500
001 - CONTROL NUMBER
control field ART_37887
005 - DATE AND TIME OF LATEST TRANSACTION
control field 20260410161750.0
008 - FIXED-LENGTH DATA ELEMENTS--GENERAL INFORMATION
fixed length control field 260409a
100 1# - MAIN ENTRY--PERSONAL NAME
Personal name Dreiling, Paola E.
245 10 - TITLE STATEMENT
Title Incremento de las deducciones personales para asalariados, jubilados, pensionados y autónomos
700 1# - ADDED ENTRY--PERSONAL NAME
Personal name Rolando, Félix José
773 0# - HOST ITEM ENTRY
Title Doctrina tributaria
Related parts - Nº 433 (abr. 2016)
Record control number REV4296

No hay ítems disponibles.